00671nam a22001937a 4500999001900000005001700019010001500036020002600051035001400077037001300091082001400104100002100118245006000139260004000199270006500239300002100304942002800325952012400353 c191535d19153520220829144331.0 aENG-134755 a9788192070063c700.00 aEN-118287 bDBAD/PUB a294.52113 aSubrahmanyam, K. aSiva Leela:bThe Devine Sport of Siva/cK. Subrahmanyam aChennaibUniversal Publishingc2015 a69, Royapettah High Road, 142 IOA Complex, bChennaie600014 a277p.c20cm(pbk) 2ddccENh294.52113mSUB 001040708NFICaBNbBNd2022-08-29eDBAD/PUBg700.00l0o294.52113 SUBpEN-118287r2022-08-29 00:00:00t1v700.00yEN